000 00520nam a2200181Ia 4500
005 20250326141621.0
008 250326s9999 xx 000 0 und d
037 _aTextbook
040 _aFMSL
_beng
_cFMSL
041 _aeng
_2eng
084 _qFMSL
100 _aPetzel Todd E
_9744773
245 0 _aFicial futures and options : A guide to markets application and strategies
_cPetzel Todd E
260 _aNew York
_bNew York, Qrouram Books
_c1989
300 _a254p
942 _cTB
999 _c1291160
_d1291160